| 000 | 00756cam a2200253 i 4500 | ||
|---|---|---|---|
| 001 | 111247 | ||
| 005 | 20230410103914.0 | ||
| 008 | 130722s2010 enka 000 0 eng | ||
| 020 | _a9780907871842 | ||
| 041 | 0 | _aEng | |
| 050 | 1 | 4 |
_a432 DS 94 _bS995 2010 |
| 082 | 0 | 0 | _a956.91 |
| 245 | 0 | 0 |
_aSyria : _bthrough writers' eyes / _cwritten and edited by Marius Kociejowski ; with linocuts by Mungo McCosh. |
| 260 |
_aLondon : _bEland, _c2010. |
||
| 300 |
_aix, 271 p. : _bill., _c22 cm. |
||
| 440 | 0 | _aThrough writers' eyes. | |
| 651 | 0 |
_aSyria _xDescription and travel. |
|
| 651 | 0 |
_aSyria _xIn literature. |
|
| 651 | 4 |
_aSiria _xDescripciones y viajes |
|
| 700 | 1 | _aKociejowski, Marius. | |
| 700 | 1 | _aMcCosh, Mungo. | |
| 942 |
_2lcc _cbk |
||
| 946 | _almd | ||
| 999 |
_c28156 _d28156 |
||